000 00772nmc a2200289 a 4500
003 AR-BaBNM
005 20251128210737.0
008 151020s1999 ||||||||||||||000 | spa||
020 _a950-739-637-3
040 _cAR-BaBNM
100 1 _aBellotta, Araceli
245 1 0 _aLas aventuras de Sarmiento
260 _aBuenos Aires
_bErrepar
_c1999
300 _a96 p.
_bil.
490 0 _aPara jóvenes principiantes
_vv. 1
650 4 _aHISTORIA ARGENTINA
650 4 _aBIOGRAFIAS
650 4 _aCAUDILLOS ARGENTINOS
650 4 _aLITERATURA INFANTIL
650 4 _aPRESIDENCIAS ARGENTINAS
653 _aHISTORIETAS
655 _aBIOGRAFIAS
700 1 _aLuna, Leonel
_eilustrador
800 1 _aKreimer, Juan Carlos
_edirector
942 _cBK
998 _cMariana
999 _c16702
_d16702